Statistics for Every NBA Most Improved Player Award

Click here to take the quiz!

General Stats

  • This quiz has been taken 28 times
    (5 since last reset)
  • The average score is 5 of 35

Answer Stats

YearPlayer% Correct
2019Pascal Siakam
75%
2020Brandon Ingram
50%
2017Giannis Antetokounmpo
50%
2015Jimmy Butler
50%
1989Kevin Johnson
50%
1993Mahmoud Abdul-Rauf
25%
2000Jalen Rose
25%
2001Tracy McGrady
25%
2002Jermaine O'Neal
25%
2005Bobby Simmons
25%
2009Danny Granger
25%
2016C.J. McCollum
25%
2013Paul George
25%
2018Victor Oladipo
25%
1996Gheorghe Muresan
0%
1991Scott Skiles
0%
1992Pervis Ellison
0%
1990Rony Seikaly
0%
1988Kevin Duckworth
0%
1994Don MacLean
0%
1987Dale Ellis
0%
1995Dana Barros
0%
2003Gilbert Arenas
0%
1997Isaac Austin
0%
1998Alan Henderson
0%
1999Darrell Armstrong
0%
2004Zach Randolph
0%
2006Boris Diaw
0%
2007Monta Ellis
0%
2008Hedo Turkoglu
0%
2010Aaron Brooks
0%
2011Kevin Love
0%
2012Ryan Anderson
0%
2014Goran Dragic
0%
1986Alvin Robertson
0%

Score Distribution

Percentile by Number Answered

Percent of People with Each Score

Your Score History

You have not taken this quiz since the last reset